Marianela

Guardat en:
Dades bibliogràfiques
Autor principal: Pérez Galdós, Benito (Autor)
Format: Llibre
Idioma:espanyol
Publicat: Buenos Aires Espasa-Calpe 1961
Edició:17a. ed
Matèries:
Etiquetes: Afegir etiqueta
Sense etiquetes, Sigues el primer a etiquetar aquest registre!

MARC

LEADER 00000nam a2200000 a 4500
001 UCR3455
003 CL-VaPUC
008 980124e19610000AG |||||||||||||||||spa|d
082 0 4 |a 863  |b PER  |2 21 
100 0 |a Pérez Galdós, Benito  |e author  |9 318144 
245 1 0 |a Marianela 
250 |a 17a. ed 
300 |a 148 p 
942 |c BK 
945 |d 19980124 00:00:00  |a aolguin 
260 |a Buenos Aires  |b Espasa-Calpe  |c 1961 
650 0 |a Novelas españolas  |9 265052 
583 |a last modification  |c 19980124 00:00:00  |k Rodrigo Vera 
999 |c 266526  |d 266524 
952 |0 0  |1 0  |4 0  |6 863_000000000000000_PER_1961  |7 0  |8 R  |9 298222  |a BIBEDU  |b BIBEDU  |c MCIRC  |d 2019-11-20  |i 1938649  |o 863 PER 1961  |p 1938649  |r 2023-01-13  |w 2019-11-20  |y BK_R  |k LIT